Cerámica romana de Herrera de Pisuerga: Palencia-España. La terra sigillata

Guardat en:
Dades bibliogràfiques
Autor principal: Pérez González, Cesáreo (Autor)
Format: Llibre
Idioma:espanyol
Publicat: Santiago Universidad Internacional SEK 1989
Matèries:
Etiquetes: Afegir etiqueta
Sense etiquetes, Sigues el primer a etiquetar aquest registre!

MARC

LEADER 00000cam a2200000 a 4500
001 UCP7855
003 CL-VaPUC
008 000106e19890000CL |||||||||||||||||spa|d
020 |a 9562550108 
082 0 4 |a 930.146  |b PER  |2 21 
100 0 |a Pérez González, Cesáreo  |e author  |9 437506 
245 1 0 |a Cerámica romana de Herrera de Pisuerga: Palencia-España. La terra sigillata 
300 |a 440 p 
942 |c BK 
945 |d 20000106 00:00:00  |a rherrera 
260 |a Santiago  |b Universidad Internacional SEK  |c 1989 
650 0 |a Arqueología   |9 265619 
650 0 |a ceramica  |9 262882 
650 0 |a Metodologías  |9 374441 
650 7 |a DESCUBRIMIENTOS ARQUEOLOGICOS  |2 CL-VaPUC  |9 437507 
650 7 |a EXCAVACIONES ARQUEOLOGICAS  |2 CL-VaPUC  |9 310948 
651 0 |a España  |9 254926 
583 |a last modification  |c 20130408 10:55:32  |k Rodrigo Vera 
999 |c 284893  |d 284891 
952 |0 0  |1 0  |4 0  |6 930_146000000000000_PER_1989  |7 0  |8 A  |9 329192  |a BIBHIS  |b BIBHIS  |d 2019-11-20  |i 1379968  |o 930.146 PER 1989  |p 1379968  |r 2025-01-20  |w 2019-11-20  |y BK  |k HIS 
952 |0 0  |1 0  |4 0  |6 930_146000000000000_PER_1989  |7 0  |8 A  |9 329193  |a BIBHIS  |b BIBHIS  |d 2019-11-20  |i 4006682  |o 930.146 PER 1989  |p 4006682  |r 2025-01-20  |w 2019-11-20  |y BK  |k HIS 
952 |0 0  |1 0  |4 0  |6 930_146000000000000_PER_1989  |7 0  |8 A  |9 329194  |a BIBEDU  |b BIBEDU  |d 2019-11-20  |i 4962567  |o 930.146 PER 1989  |p 4962567  |r 2019-11-20  |w 2019-11-20  |y BK  |k EBA